Tilastot visalle Nimeä artisti kappaleen perusteella

Klikkaa tästä pelataksesi tätä visaa!

Yleistilastot

  • Tätä visaa on pelattu 240 kertaa
  • Keskiarvotulos 55 / 100

Vastaustilastot

HintVastaus% Oikein
TarkeneeJVG
95%
Että mitähän vittuaSanni
95%
KeinutaanAntti Tuisku (feat. VilleGalle)
94%
Puuttuva palanenRobin (feat. Brädi)
92%
Missä muruseni onJenni Vartiainen
85%
Elefantin painoEllinoora
84%
Syntisten pöytäErika Vikman
84%
PikkuveliPMMP
84%
Hei rakasBEHM
81%
BeibiHaloo Helsinki
80%
Aikuinen nainenPaula Koivuniemi
80%
TequilaVesala
80%
AutiotaloDingo
78%
OhikiitävääJuha Tapio
78%
Älä tyri nytJukka Poika
76%
Kuka sen opettaaKaija Koo
75%
Lumi teki enkelin eteiseenHector
74%
Säännöt rakkaudelleAnna Puu
73%
Pannaan Suomi kuntoonPetri Nygård
72%
AntaudunReino Nordin
72%
Madafakin darraRoope Salminen & Koirat (feat. Ida Paul)
72%
Roy OrbisonStig
72%
Koneeseen kadonnutApulanta
69%
SillatCheek (fest. Ilta)
69%
Sinä antsaitset kultaaJari Sillanpää
69%
Anna mulle tähtitaivasKatri Helena
69%
Kohta sataaPete Parkkonen
69%
RiippumattoMikael Gabriel
68%
Ei taida tietää tyttöErin
67%
Mennyt miesJ. Karjalainen
67%
HengaillaanKirka
67%
Rin Tin TinLeevi And The Leavings
67%
Kun me diskossa suudeltiinArttu Wiskari
66%
SabotageChisu
66%
Pettävällä jäällä
66%
MatkustajaEgotrippi
65%
PolteLauri Tähkä
65%
Mä joka päivä töitä teenMatti ja Teppo
65%
Satasen lainaNylon Beat
65%
Poika saunooPoju
65%
Puhu äänellä jonka kuulenHapporadio
64%
Viidestoista yöJuice Leskinen
64%
R-A-K-A-STapani Kansa
64%
Rentun ruusuIrwin Goodman
63%
Juna kulkee | Myrskyn jälkeenKari Tapio
63%
Moottoritie on kuumaPelle Miljoona
63%
Pitkä kuuma kesäPopeda
63%
IlvesAnssi Kela
62%
Murheellisten laulujen maaEppu Normaali
61%
VillieläinRamses II
61%
BandanaAnna Abreu
60%
VauvojaKasmir (feat. Saara)
60%
Pienen pojan elämääKlamydia
60%
Lupaan ollaNopsajalka
60%
Hubba BubbaTeflon Brothers
60%
Sata salamaaVicky Rosti
60%
HoneyEvelina (feat. Mikael Gabriel)
59%
Paha poikaDiandra
56%
Sä et ole hulluJanna
56%
LähtisitköPave Maijanen
55%
Todella kaunisZen Cafe
55%
Haluun olla yksinIrina
53%
Vie mut kotiinJesse Kaikuranta
51%
KyläbaariPortion Boys
51%
Suomen kesäOlli Halonen
49%
KesäyöPariisin Kevät
49%
Juha88Vilma Alina (feat. Teflon Brothers)
48%
RakkauslauluJohanna Kurkela
47%
Mikä kesä?Valvomo
47%
Enkeleitä toisillemmeJope Ruonansuu
44%
Ota varovastiVesta
44%
HyväuskoinenViivi
43%
AutiosaariTuure Kilpeläinen ja Kaihon Karavaani
42%
ParatiisiRauli Badding Somerjoki
41%
KesäkatuDanny
40%
Viistäköön siipeni maataElonkerjuu
40%
JunaSpekti (feat. Tasis)
40%
Hetken tie on kevytLaura Närhi
39%
Minä liityin sinuunMariska
39%
Rafaelin enkeliPekka Ruuska
35%
SöpöHank Solo
33%
Olet mun kaikuluotainVille Valo
29%
Olisitpa sylissäniAntti Ketonen
27%
Taivas ei oo rajanaMikko Harju
26%
KaksoisolentoTuuli
26%
Kolme hyvää vinkkiäVesterinen Yhtyeineen
26%
Sininen ja valkoinenJukka Kuoppamäki
25%
Daa-da Daa-daSammy Babitzin
23%
ChiliiRaappana (feat. Sini Yasemin)
20%
Terveset sinne taivaaseenIlpo Kaikkonen
19%
Terassilta lentoonHesaÄijä (feat. Mäkki)
18%
Suomalaisen miehen kyyneleetFaija
17%
ApuvaMäkki
16%
Yli sustacostee
14%
Jos mä kuolen nuorenaHeli Kajo
13%
YksinJonne Aaron
13%
TavallinenKeko Salata
11%
Kauniita yhdessäLucas
11%
NiagaraJannika B
9%

Tulosjakauma

Persentiili vastausten määrän mukaan

Jokaisen tuloksen saaneiden osuus

Tuloshistoriasi

Et ole pelannut tätä visaa